MARC

LEADER 00000nam0a2200000 4500
001 39821
005 20231031011741.0
035 |a (RuTPU)RU\TPU\book\40697 
090 |a 39821 
100 |a 20020412d1976 m y0rusy50 ca 
101 0 |a rus 
102 |a RU 
105 |a a z 000zy 
200 1 |a Элементарное введение в теорию вероятностей  |f Б. В. Гнеденко, А. Я. Хинчин 
205 |a 8-е изд., испр. 
210 |a Москва  |c Наука  |d 1976 
215 |a 167 с.  |c ил. 
610 1 |a теория вероятностей 
610 1 |a задачи 
610 1 |a примеры 
610 1 |a формулы 
610 1 |a вероятности событий 
610 1 |a сложение вероятностей 
610 1 |a условные вероятности 
610 1 |a теорема Бернулли 
610 1 |a случайные величины 
610 1 |a закон больших чисел 
610 1 |a случайные процессы 
610 1 |a библиотека А. Г. Стромберга 
675 |a 519.2  |v 3 
700 1 |a Гнеденко  |b Б. В.  |g Борис Владимирович 
701 1 |a Хинчин  |b А. Я.  |g Александр Владимирович 
801 1 |a RU  |b 63413507  |c 20020412  |g PSBO 
801 2 |a RU  |b 63413507  |c 20170911  |g PSBO 
942 |c BK